| 000 | 00702cam a22001691 4500 | ||
|---|---|---|---|
| 082 |
_a993.152 _bTAY _cD |
||
| 100 | 1 |
_aTaylor, Frank, _941239 |
|
| 245 | 1 | 4 |
_aThe wars of Marlborough, 1702-1709, _cby Frank Taylor ... ed. by G. Winifred Taylor ... with an introduction by the Hon. J.W. Fortescue ... Maps comp. and drawn by H.W. Cribb ... |
| 260 |
_aOxford, _bB. Blackwell, _c1921. |
||
| 300 |
_a2 v. _b10 fold. maps (incl. fronts.) _c22 1/2 cm. |
||
| 500 | _a"Memoir of Frank Taylor" : v. 2, p. 505-513. | ||
| 526 |
_a0 _b0 _c0 _d993_152000000000000_TAY |
||
| 650 | 0 |
_aMCE _9379 |
|
| 650 | 0 |
_aSpanish Succession, War of, 1701-1714. _949331 |
|
| 700 | 1 |
_aTaylor, Gertrude Winifred, _949332 |
|
| 942 |
_2ddc _cBK |
||
| 999 |
_c552768 _d552768 |
||